Statistics for Flags of the Countries that Start with I

Click here to take the quiz!

General Stats

  • This quiz has been taken 24,122 times
    (8,340 since last reset)
  • The average score is 8 of 9

Answer Stats

Answer % Correct
Israel
99%
Italy
98%
Iran
97%
Ireland
96%
Iceland
94%
India
94%
Iraq
93%
Indonesia
87%
Ivory Coast
72%

Score Distribution

Percentile by Number Answered

Percent of People with Each Score

Your Score History

You have not taken this quiz since the last reset